Villes françaises commençant par "Saint(e)" - Statistiques

Statistiques générales
  • Ce quiz a été pris 139 fois
    87 depuis la dernière actualisation
  • Le résultat moyen est 11 sur 20
Statistiques - réponses
Population Département Ville % Correct
156 000 974 Saint-Denis
95%
149 000 93 Saint-Denis
95%
172 000 42 Saint-Étienne
93%
85 000 974 Saint-Pierre
78%
106 000 974 Saint-Paul
76%
47 000 35 Saint-Malo
70%
73 000 44 Saint-Nazaire
70%
45 000 22 Saint-Brieuc
68%
53 000 02 Saint-Quentin
67%
54 000 974 Saint-Louis
47%
76 000 94 Saint-Maur-des-Fossés
47%
51 000 44 Saint-Herblain
43%
58 000 974 Saint-André
37%
38 000 974 Saint-Benoît
37%
45 000 78 Saint-Germain-en-Laye
37%
53 000 93 Saint-Ouen
37%
49 000 69 Saint-Priest
32%
39 000 974 Saint-Joseph
28%
52 000 973 Saint-Laurent-du-Maroni
28%
38 000 38 Saint-Martin-d'Hères
20%
Aucun quiz correspondant
Distribution des résultats
% des personnes avec chaque résultat
Percentile par nombre de réponses
Votre historique - résultats
Vous n’avez pas pris ce quiz depuis la dernière actualisation